[Event "BL2-West 1819"]
[Site "Germany"]
[Date "2019.04.07"]
[Round "9.5"]
[White "Schenderowitsch, Michael"]
[Black "Petzold, Klaus"]
[Result "1-0"]
[WhiteElo "2331"]
[BlackElo "2178"]
[PlyCount "121"]
[EventDate "2018.11.21"]
[EventType "team-tourn"]
[EventRounds "9"]
[EventCountry "GER"]
[SourceTitle "CBM 190 Extra"]
[Source "ChessBase"]
[SourceDate "2019.07.15"]
[SourceVersion "1"]
[SourceVersionDate "2019.07.15"]
[SourceQuality "1"]
[WhiteTeam "Mainz Schott"]
[BlackTeam "Aachen SV"]
[WhiteTeamCountry "GER"]
[BlackTeamCountry "GER"]

1. d4 d5 2. c4 c6 3. cxd5 cxd5 4. Bf4 Nc6 5. e3 Nf6 6. Nc3 Bf5 7. Bb5 e6 8. Qa4 Qb6 9. Nf3 Nd7 10. Nh4 Be4 11. f3 Bd3 12. Nxd5 Bxb5 13. Nxb6 Bxa4 14. Nxa8 Nb4 15. b3 Bc6 16. Kd2 Be7 17. Nc7+ Kd8 18. a3 g5 19. Bg3 gxh4 20. Bf4 e5 21. dxe5 Kxc7 22. axb4 Bxb4+ 23. Kc2 Kb6 24. e4 a5 25. Be3+ Kb5 26. Bd4 Re8 27. Rhd1 Nxe5 28. h3 Ng6 29. Bc3 Nf4 30. Bxb4 Kxb4 31. Rd4+ Kb5 32. Rd2 Rg8 33. Rg1 Rg5 34. Kc3 Ne6 35. Kb2 Kb6 36. Rc1 Rb5 37. Ka3 Rg5 38. Rcc2 Nf4 39. Rf2 Bd7 40. Rfd2 Be6 41. Rd6+ Ka7 42. Rdd2 Rb5 43. Rc3 Ng6 44. Ka4 Ka6 45. Ka3 Ne5 46. Rd6+ b6 47. Rd8 Nd7 48. Ra8+ Kb7 49. Rh8 Nc5 50. Rxh7 Nxb3 51. Rd3 Na1 52. Rc3 Rb1 53. Rh5 Ka6 54. Rh6 Bb3 55. Rhc6 a4 56. R3c5 Bd1 57. Rc1 Nc2+ 58. R1xc2 Bxc2 59. Rxc2 b5 60. Rc8 Rb3+ 61. Ka2 1-0

[Event "BEL-chT 1011"]
[Site "Belgium"]
[Date "2011.01.09"]
[Round "6.8"]
[White "Arabia, Allan"]
[Black "Petzold, Klaus"]
[Result "0-1"]
[WhiteElo "1181"]
[BlackElo "2222"]
[PlyCount "56"]
[EventDate "2010.09.26"]
[EventType "team-tourn"]
[EventRounds "11"]
[EventCountry "BEL"]
[SourceTitle "EXT 2012"]
[Source "ChessBase"]
[SourceDate "2011.11.24"]
[SourceVersion "1"]
[SourceVersionDate "2011.11.24"]
[SourceQuality "1"]
[WhiteTeam "Liege Crelel"]
[BlackTeam "Rochade"]
[WhiteTeamCountry "BEL"]
[BlackTeamCountry "BEL"]

1. e4 c6 2. Nc3 d5 3. exd5 cxd5 4. d4 Nc6 5. Bb5 Nf6 6. Nf3 Bg4 7. Bg5 e6 8. a3 Be7 9. 0-0 Rc8 10. Qd3 Bf5 11. Bxc6+ Rxc6 12. Qb5 Qc8 13. Ne5 a6 14. Qa4 b5 15. Nxb5 axb5 16. Qxb5 Nd7 17. Nxc6 Bxg5 18. c4 Bd3 19. Rfe1 Bxc4 20. Qa4 Nb6 21. Na7+ Nxa4 22. Nxc8 Kd7 23. Rab1 Rxc8 24. b3 Bd3 25. bxa4 Bxb1 26. Rxb1 Rc1+ 27. Rxc1 Bxc1 28. Kf1 Bb2 0-1

[Event "Oberliga NRW 1011"]
[Site "Germany"]
[Date "2010.11.28"]
[Round "3.8"]
[White "Petzold, Klaus"]
[Black "Andersen, Hans Christoph"]
[Result "0-1"]
[WhiteElo "2222"]
[BlackElo "2205"]
[PlyCount "54"]
[EventDate "2010.09.26"]
[EventType "team-tourn"]
[EventRounds "9"]
[EventCountry "GER"]
[SourceTitle "EXT 2012"]
[Source "ChessBase"]
[SourceDate "2011.11.24"]
[SourceVersion "1"]
[SourceVersionDate "2011.11.24"]
[SourceQuality "1"]
[WhiteTeam "Aachen"]
[BlackTeam "Godesberg"]
[WhiteTeamCountry "GER"]
[BlackTeamCountry "GER"]

1. c4 f5 2. b3 e5 3. Bb2 d6 4. d4 e4 5. Nh3 Nf6 6. g3 c6 7. Bg2 Be7 8. 0-0 0-0 9. Qd2 Na6 10. Ba3 Rb8 11. Rc1 b5 12. Bb2 d5 13. Na3 Bd7 14. cxb5 cxb5 15. Nc2 Bd6 16. e3 h6 17. a3 g5 18. Nb4 Nxb4 19. axb4 Rb7 20. Ra6 Qe7 21. Rc5 f4 22. Kh1 fxe3 23. Qxe3 Bg4 24. Rcc6 Ne8 25. Ng1 Bd7 26. Rc5 Nc7 27. Ra1 Qf6 0-1

[Event "EU-Cup 25th"]
[Site "Ohrid"]
[Date "2009.10.04"]
[Round "1.6"]
[White "Petzold, Klaus"]
[Black "Wagner, Guenter"]
[Result "1/2-1/2"]
[WhiteElo "2238"]
[BlackElo "1904"]
[PlyCount "59"]
[EventDate "2009.10.04"]
[EventType "team-swiss"]
[EventRounds "7"]
[EventCountry "MKD"]
[SourceTitle "CBM 133"]
[Source "ChessBase"]
[SourceDate "2009.11.19"]
[SourceVersion "1"]
[SourceVersionDate "2009.11.19"]
[SourceQuality "1"]
[WhiteTeam "Eupen Rochade"]
[BlackTeam "Cardiff"]
[WhiteTeamCountry "BEL"]
[BlackTeamCountry "WLS"]

1. c4 e6 2. Nf3 f5 3. g3 c6 4. Bg2 Nf6 5. 0-0 d5 6. b3 Bd6 7. Bb2 Qe7 8. d3 0-0 9. Nc3 dxc4 10. bxc4 e5 11. e3 Na6 12. Qc2 Be6 13. Rfe1 Nb4 14. Qd2 e4 15. dxe4 fxe4 16. c5 Bxc5 17. Ng5 Nd3 18. Nxe6 Qxe6 19. Rf1 Nxb2 20. Qxb2 Qe7 21. Rab1 b6 22. Rbc1 Kh8 23. Qc2 Ba3 24. Rcd1 Rae8 25. Ne2 c5 26. Nf4 Bb4 27. h4 Rd8 28. Qc4 Rfe8 29. Bh3 Rxd1 30. Rxd1 1/2-1/2

[Event "Oberliga NRW 0809"]
[Site "Germany"]
[Date "2008.11.30"]
[Round "4.5"]
[White "Petzold, Klaus"]
[Black "Rehberg, Raphael"]
[Result "1-0"]
[WhiteElo "2241"]
[BlackElo "2201"]
[PlyCount "77"]
[EventDate "2008.09.21"]
[EventType "team-tourn"]
[EventRounds "9"]
[EventCountry "GER"]
[SourceTitle "EXT 2010"]
[Source "ChessBase"]
[SourceDate "2010.11.25"]
[SourceVersion "1"]
[SourceVersionDate "2010.11.25"]
[SourceQuality "1"]
[WhiteTeam "Aachen"]
[BlackTeam "Lippstadt Turm"]
[WhiteTeamCountry "GER"]
[BlackTeamCountry "GER"]

1. c4 e5 2. Nc3 f5 3. d4 Nc6 4. d5 Nce7 5. d6 cxd6 6. Qxd6 Nc6 7. Qd1 Bc5 8. e3 Nf6 9. Nf3 0-0 10. Be2 d6 11. 0-0 e4 12. Nd4 Ne5 13. Na4 Bb4 14. a3 Ba5 15. Nb5 Nf7 16. b4 a6 17. bxa5 axb5 18. Nb6 Rxa5 19. Nxc8 bxc4 20. Bxc4 Qxc8 21. Bxf7+ Rxf7 22. Qxd6 Rd5 23. Qb6 Nd7 24. Qb4 Ne5 25. Bb2 Nd3 26. Qb3 Rc5 27. Bd4 Nc1 28. Qd1 Nd3 29. Bxc5 Qxc5 30. Qa4 g5 31. Rab1 Qe7 32. Qd4 g4 33. Rb5 f4 34. Rd5 h6 35. Rd8+ Kh7 36. Qh8+ Kg6 37. Rg8+ Kf5 38. Qxh6 Rh7 39. Qg6+ 1-0

[Event "EU-Cup 24th"]
[Site "Kallithea"]
[Date "2008.10.23"]
[Round "7"]
[White "Petzold, Klaus"]
[Black "Romanelli, Robert"]
[Result "1-0"]
[WhiteElo "2241"]
[BlackElo "1970"]
[PlyCount "127"]
[EventDate "2008.10.17"]
[EventType "team-swiss"]
[EventRounds "7"]
[EventCountry "GRE"]
[SourceTitle "CBM 127"]
[Source "ChessBase"]
[SourceDate "2008.11.13"]
[SourceVersion "1"]
[SourceVersionDate "2008.11.13"]
[SourceQuality "1"]
[WhiteTeam "Eupen Rochade"]
[BlackTeam "Charleroi CREC"]
[WhiteTeamCountry "BEL"]
[BlackTeamCountry "BEL"]

1. c4 e6 2. Nf3 d5 3. d4 c5 4. cxd5 exd5 5. g3 Nc6 6. Bg2 Nf6 7. 0-0 Be7 8. Nc3 0-0 9. dxc5 Bxc5 10. Bg5 d4 11. Bxf6 Qxf6 12. Nd5 Qd8 13. Nf4 Bb6 14. Rc1 Re8 15. Nd2 Bg4 16. Ne4 Rc8 17. h3 Bf5 18. Nc5 Bxc5 19. Rxc5 Be4 20. Bxe4 Rxe4 21. Qd3 Qe8 22. Rfc1 Rd8 23. a3 a6 24. b4 h6 25. h4 Rd6 26. b5 axb5 27. Rxb5 Re7 28. Qf5 Rf6 29. Qg4 Rxf4 30. Qxf4 Rxe2 31. Rd5 Qe6 32. Qf5 Qxf5 33. Rxf5 d3 34. Rd1 Nd4 35. Rd5 d2 36. Kf1 Re1+ 37. Rxe1 dxe1Q+ 38. Kxe1 Nc2+ 39. Kd1 Nxa3 40. Rd8+ Kh7 41. Rd7 b5 42. Rxf7 Kg6 43. Ra7 Nc4 44. Rb7 Na3 45. Ke2 Kf6 46. h5 Nc2 47. Rb6+ Kf7 48. Kd3 Na3 49. Kc3 Nb1+ 50. Kd4 Na3 51. Kc5 Nc4 52. Rxb5 Ne5 53. Kd5 Ng4 54. Kd4 Nf6 55. f3 Ke6 56. g4 Nh7 57. Rb6+ Kf7 58. Ra6 Ng5 59. Ke3 Ke7 60. Rg6 Ne6 61. Ke4 Kf7 62. Ke5 Nf8 63. Rd6 Nh7 64. Kf5 1-0

[Event "EU-Cup 24th"]
[Site "Kallithea"]
[Date "2008.10.22"]
[Round "6"]
[White "Karagiannis, Athanasios"]
[Black "Petzold, Klaus"]
[Result "1/2-1/2"]
[WhiteElo "2341"]
[BlackElo "2241"]
[PlyCount "192"]
[EventDate "2008.10.17"]
[EventType "team-swiss"]
[EventRounds "7"]
[EventCountry "GRE"]
[SourceTitle "CBM 127"]
[Source "ChessBase"]
[SourceDate "2008.11.13"]
[SourceVersion "1"]
[SourceVersionDate "2008.11.13"]
[SourceQuality "1"]
[WhiteTeam "Thessaloniki Galaxias"]
[BlackTeam "Eupen Rochade"]
[WhiteTeamCountry "GRE"]
[BlackTeamCountry "BEL"]

1. d4 d5 2. Nc3 e6 3. e4 dxe4 4. Nxe4 Nd7 5. Nf3 Ngf6 6. Nxf6+ Nxf6 7. Bd3 c5 8. 0-0 Qc7 9. c3 Bd6 10. Bg5 b6 11. dxc5 Bxc5 12. Qe2 0-0 13. Bxf6 gxf6 14. Qe4 f5 15. Qh4 Qe7 16. Qh6 Rd8 17. Rad1 Qf8 18. Qg5+ Kh8 19. Qh5 Qg7 20. Ng5 Rf8 21. Be2 h6 22. Nf3 Rg8 23. g3 f4 24. Ne5 f6 25. Nf7+ Kh7 26. g4 Rf8 27. Nd6 Qg5 28. Nxc8 Qxh5 29. gxh5 Rg8+ 30. Kh1 Raxc8 31. Bc4 Rce8 32. b4 Bf8 33. Rfe1 Rg5 34. Bxe6 Kh8 35. Bf7 Rxe1+ 36. Rxe1 Re5 37. Rg1 Bd6 38. Rg8+ Kh7 39. Kg2 Rg5+ 40. Rxg5 fxg5 41. Kf3 Kg7 42. Bb3 Be5 43. c4 Bc3 44. c5 Bxb4 45. c6 Bd6 46. Ke4 Kf6 47. h3 Bc7 48. Bc4 Be5 49. Be2 Bc7 50. Kd5 Be5 51. Kc4 Ke7 52. Kd5 Bc7 53. Bf3 Bd6 54. Be4 Bb8 55. Kc4 a6 56. Kd5 Bd6 57. Bf5 Bc7 58. Bc8 a5 59. a4 Bd6 60. Bg4 Bc7 61. Bf3 Bd6 62. Be4 Bc7 63. Kc4 Bd8 64. Bf3 Ke6 65. Kb5 Kd6 66. Bg2 Kc7 67. Kc4 Kd6 68. Kd4 Ke6 69. Bd5+ Kd6 70. Kc4 Ke5 71. Bf3 Kd6 72. Kd4 Ke6 73. Bg4+ Kf6 74. Kd5 Bc7 75. Bf3 Ke7 76. Bg2 Bd6 77. Kc4 Kd8 78. Kb5 Bc5 79. f3 Kc7 80. Bf1 Bd6 81. Bd3 Bc5 82. Be4 Bd6 83. Kc4 Kd8 84. Bf5 Bc7 85. Kb5 Ke7 86. Ka6 Kd8 87. Kb7 Bd6 88. Kxb6 Bc7+ 89. Kb5 Ke7 90. Be4 Kd6 91. Ka6 Ke7 92. Ka7 Kd6 93. Kb7 Bd8 94. Ka6 Kc5 95. Kb7 Kd6 96. Bd3 Bc7 1/2-1/2

[Event "Oberliga NRW 0708"]
[Site "Germany"]
[Date "2008.01.13"]
[Round "5.7"]
[White "Petzold, Klaus"]
[Black "Besel, Waldemar"]
[Result "1/2-1/2"]
[WhiteElo "2265"]
[BlackElo "2161"]
[PlyCount "65"]
[EventDate "2007.09.16"]
[EventType "team-tourn"]
[EventRounds "9"]
[EventCountry "GER"]
[SourceTitle "EXT 2009"]
[Source "ChessBase"]
[SourceDate "2008.11.26"]
[SourceVersion "1"]
[SourceVersionDate "2008.11.26"]
[SourceQuality "1"]
[WhiteTeam "Aachen"]
[BlackTeam "Betzdorf Kirchen"]
[WhiteTeamCountry "GER"]
[BlackTeamCountry "GER"]

1. c4 e5 2. Nc3 Nf6 3. Nf3 Nc6 4. e4 Bc5 5. Nxe5 0-0 6. Nxc6 dxc6 7. Qe2 Ng4 8. Nd1 f5 9. f3 Ne5 10. f4 Ng4 11. e5 Be6 12. d3 Qe7 13. g3 Rad8 14. h3 Nh6 15. Be3 b5 16. b3 g5 17. Bg2 gxf4 18. gxf4 bxc4 19. bxc4 Bxe3 20. Qxe3 Qa3 21. Qg3+ Kh8 22. Qh4 Qxd3 23. Qxh6 Bxc4 24. Kf2 Qd4+ 25. Ne3 Qb2+ 26. Kg3 Rg8+ 27. Kh2 Rg6 28. Qh4 Rdg8 29. Rhg1 Bd5 30. Kh1 Rxg2 31. Qf6+ R8g7 32. Qf8+ Rg8 33. Qf6+ 1/2-1/2

[Event "Oberliga NRW 0708"]
[Site "Germany"]
[Date "2007.10.14"]
[Round "2.6"]
[White "Petzold, Klaus"]
[Black "Becker, Marcel"]
[Result "0-1"]
[WhiteElo "2265"]
[BlackElo "2370"]
[PlyCount "86"]
[EventDate "2007.09.16"]
[EventType "team-tourn"]
[EventRounds "9"]
[EventCountry "GER"]
[SourceTitle "EXT 2009"]
[Source "ChessBase"]
[SourceDate "2008.11.26"]
[SourceVersion "1"]
[SourceVersionDate "2008.11.26"]
[SourceQuality "1"]
[WhiteTeam "Aachen"]
[BlackTeam "Nord II"]
[WhiteTeamCountry "GER"]
[BlackTeamCountry "GER"]

1. c4 e6 2. Nf3 d5 3. d4 Nf6 4. g3 Be7 5. Bg2 0-0 6. Qc2 c5 7. dxc5 Na6 8. 0-0 Nxc5 9. Rd1 b6 10. Nd4 Bd7 11. Nc3 Rc8 12. Bf4 Qe8 13. cxd5 exd5 14. Nf5 Na4 15. Nd6 Bxd6 16. Bxd6 Nxc3 17. bxc3 Ba4 18. Qd3 Bxd1 19. Rxd1 Qe6 20. Bxf8 Kxf8 21. e3 Rc5 22. Qd4 Qe7 23. Qf4 Qc7 24. Qb4 Kg8 25. Rd3 h6 26. Qb3 Ne4 27. Bxe4 dxe4 28. Rd4 Rxc3 29. Qa4 f5 30. Qe8+ Kh7 31. Qe6 Qc8 32. Rd7 Rc7 33. Qxf5+ Kh8 34. Rf7 Qxf5 35. Rxf5 Rc1+ 36. Kg2 Ra1 37. Re5 Rxa2 38. Rxe4 a5 39. Re8+ Kh7 40. Ra8 b5 41. Kf3 a4 42. Ke4 b4 43. Kd3 b3 0-1

[Event "Oberliga NRW 0607"]
[Site "Germany"]
[Date "2007.04.15"]
[Round "8.6"]
[White "Wisskirchen, Andreas"]
[Black "Petzold, Klaus"]
[Result "1/2-1/2"]
[WhiteElo "2252"]
[BlackElo "2246"]
[PlyCount "61"]
[EventDate "2006.09.17"]
[EventType "team-tourn"]
[EventRounds "9"]
[EventCountry "GER"]
[SourceTitle "EXT 2008"]
[Source "ChessBase"]
[SourceDate "2007.11.25"]
[SourceVersion "1"]
[SourceVersionDate "2007.11.25"]
[SourceQuality "1"]
[WhiteTeam "Koeln SF"]
[BlackTeam "Aachen"]
[WhiteTeamCountry "GER"]
[BlackTeamCountry "GER"]

1. d4 d5 2. Nf3 Nf6 3. c4 c6 4. e3 g6 5. Nc3 Bg7 6. Be2 0-0 7. 0-0 a6 8. a4 b6 9. Qb3 Bb7 10. Rd1 Nbd7 11. cxd5 cxd5 12. Bd2 Rc8 13. Rac1 e6 14. Na2 Ne4 15. Be1 Rxc1 16. Rxc1 Qb8 17. Nb4 Rc8 18. Qd1 a5 19. Bb5 Rc7 20. Nc6 Bxc6 21. Rxc6 Rxc6 22. Bxc6 Qc7 23. Bb5 Bf8 24. Nd2 Nd6 25. Bd3 Qc6 26. Qc2 Nb8 27. Nb1 Qxc2 28. Bxc2 Nc6 29. Na3 Be7 30. Bd3 Nb4 31. Bxb4 1/2-1/2

[Event "BEL-chT 0607"]
[Site "Belgium"]
[Date "2007.03.11"]
[Round "10"]
[White "Maas, Thomas"]
[Black "Petzold, Klaus"]
[Result "1/2-1/2"]
[WhiteElo "2060"]
[BlackElo "2248"]
[PlyCount "58"]
[EventDate "2006.10.01"]
[EventType "team-tourn"]
[EventRounds "11"]
[EventCountry "BEL"]
[SourceTitle "EXT 2008"]
[Source "ChessBase"]
[SourceDate "2007.11.25"]
[SourceVersion "1"]
[SourceVersionDate "2007.11.25"]
[SourceQuality "1"]
[WhiteTeam "Borgerhout"]
[BlackTeam "SK Rochade"]
[WhiteTeamCountry "BEL"]
[BlackTeamCountry "BEL"]

1. e4 c6 2. d4 d5 3. Nd2 dxe4 4. Nxe4 Nd7 5. Nf3 Ngf6 6. Ng3 e6 7. Bd3 Be7 8. 0-0 c5 9. c3 0-0 10. Re1 b6 11. Qe2 Qc7 12. Bg5 Bb7 13. Rad1 Rfe8 14. Ne5 Nf8 15. a3 Red8 16. Bxf6 Bxf6 17. Nh5 Qe7 18. dxc5 bxc5 19. Ng4 Rd5 20. Be4 Rxd1 21. Ngxf6+ gxf6 22. Rxd1 Bxe4 23. Qxe4 Rd8 24. Qf3 f5 25. b4 cxb4 26. cxb4 Ng6 27. h3 Kf8 28. Rxd8+ Qxd8 29. Nf4 Qd4 1/2-1/2

[Event "Oberliga NRW 0607"]
[Site "Germany"]
[Date "2006.12.17"]
[Round "4.6"]
[White "Petzold, Klaus"]
[Black "Rott, Georg"]
[Result "0-1"]
[WhiteElo "2246"]
[BlackElo "2204"]
[PlyCount "106"]
[EventDate "2006.09.17"]
[EventType "team-tourn"]
[EventRounds "9"]
[EventCountry "GER"]
[SourceTitle "EXT 2008"]
[Source "ChessBase"]
[SourceDate "2007.11.25"]
[SourceVersion "1"]
[SourceVersionDate "2007.11.25"]
[SourceQuality "1"]
[WhiteTeam "Aachen"]
[BlackTeam "Muenster"]
[WhiteTeamCountry "GER"]
[BlackTeamCountry "GER"]

1. c4 e6 2. d4 d5 3. Nf3 Nf6 4. cxd5 exd5 5. Bg5 Be7 6. e3 c6 7. Bd3 Bg4 8. Nbd2 Ne4 9. Bxe7 Qxe7 10. Qb3 0-0 11. 0-0 a5 12. a3 h6 13. Rac1 a4 14. Qb6 Nd6 15. Ne5 Nd7 16. Qb4 Bh5 17. Ndf3 Nxe5 18. Nxe5 f6 19. Ng6 Bxg6 20. Bxg6 f5 21. Bh5 Qd7 22. g3 b5 23. Be2 Nc4 24. Rcd1 Rae8 25. Rfe1 Qe7 26. Bxc4 dxc4 27. d5 Qxb4 28. axb4 Rc8 29. dxc6 Rxc6 30. Rd5 Rb8 31. Red1 c3 32. bxc3 Rxc3 33. Rd8+ Rxd8 34. Rxd8+ Kf7 35. Rb8 a3 36. Kg2 a2 37. Ra8 Rc2 38. Ra6 g5 39. h3 h5 40. g4 fxg4 41. hxg4 h4 42. e4 Re2 43. e5 Rb2 44. Kh3 Rxf2 45. e6+ Ke7 46. Rxa2 Rf3+ 47. Kh2 Rf4 48. Re2 Rxg4 49. Re5 Rxb4 50. Kh3 Rb3+ 51. Kg4 h3 52. Re1 h2 53. Kxg5 Rg3+ 0-1

[Event "Oberliga NRW 0607"]
[Site "Germany"]
[Date "2006.09.17"]
[Round "1.6"]
[White "Bejaoui, Anis"]
[Black "Petzold, Klaus"]
[Result "0-1"]
[WhiteElo "2145"]
[BlackElo "2246"]
[PlyCount "52"]
[EventDate "2006.09.17"]
[EventType "team-tourn"]
[EventRounds "9"]
[EventCountry "GER"]
[SourceTitle "EXT 2007"]
[Source "ChessBase"]
[SourceDate "2006.11.23"]
[SourceVersion "1"]
[SourceVersionDate "2006.11.23"]
[SourceQuality "1"]
[WhiteTeam "Werther"]
[BlackTeam "Aachen"]
[WhiteTeamCountry "GER"]
[BlackTeamCountry "GER"]

1. e4 c6 2. d4 d5 3. e5 c5 4. dxc5 Nc6 5. Nf3 Bg4 6. Bf4 e6 7. c3 Bxc5 8. b4 Bb6 9. h3 Bh5 10. Be2 Bxf3 11. Bxf3 Nge7 12. b5 Na5 13. 0-0 Rc8 14. Qe2 Ng6 15. Bh2 0-0 16. Bg4 Qc7 17. Kh1 Qc4 18. Qd1 Qxb5 19. f4 Nc4 20. Be2 Qb2 21. Bxc4 dxc4 22. Qd2 Qxa1 23. Qc2 Rcd8 24. g4 Rd3 25. Kg2 Nh4+ 26. Kh1 Rxh3 0-1

[Event "Oberliga NRW 0506"]
[Site "Germany"]
[Date "2006.05.07"]
[Round "9.6"]
[White "Emunds, Hans Georg"]
[Black "Petzold, Klaus"]
[Result "1/2-1/2"]
[WhiteElo "2227"]
[BlackElo "2235"]
[PlyCount "67"]
[EventDate "2005.09.25"]
[EventType "team-tourn"]
[EventRounds "9"]
[EventCountry "GER"]
[SourceTitle "EXT 2007"]
[Source "ChessBase"]
[SourceDate "2006.11.23"]
[SourceVersion "1"]
[SourceVersionDate "2006.11.23"]
[SourceQuality "1"]
[WhiteTeam "Muenster"]
[BlackTeam "Aachen"]
[WhiteTeamCountry "GER"]
[BlackTeamCountry "GER"]

1. e4 c6 2. d4 d5 3. Nc3 dxe4 4. Nxe4 Nd7 5. Bc4 Ngf6 6. Ng5 e6 7. Qe2 Nb6 8. Bb3 h6 9. N5f3 a5 10. a3 a4 11. Ba2 c5 12. c3 Qc7 13. Bd2 Bd6 14. Ne5 0-0 15. Ngf3 Nbd5 16. 0-0 b6 17. Rfe1 Bb7 18. Rac1 Rfe8 19. Bb1 Ba6 20. Qd1 Bb7 21. Bd3 Ra7 22. Bb5 Rea8 23. Qe2 Ne7 24. Nxf7 Kxf7 25. Qxe6+ Kf8 26. Bxh6 Neg8 27. Bg5 Bxf3 28. gxf3 Bxh2+ 29. Kg2 Bf4 30. Bxf4 Qxf4 31. Qxb6 Qg5+ 32. Kf1 Ne7 33. dxc5 Nfd5 34. Qe6 1/2-1/2

[Event "Oberliga NRW 0506"]
[Site "Germany"]
[Date "2006.04.02"]
[Round "8.6"]
[White "Petzold, Klaus"]
[Black "Schirbel, Andreas"]
[Result "1/2-1/2"]
[WhiteElo "2235"]
[BlackElo "2268"]
[PlyCount "95"]
[EventDate "2005.09.25"]
[EventType "team-tourn"]
[EventRounds "9"]
[EventCountry "GER"]
[SourceTitle "EXT 2007"]
[Source "ChessBase"]
[SourceDate "2006.11.23"]
[SourceVersion "1"]
[SourceVersionDate "2006.11.23"]
[SourceQuality "1"]
[WhiteTeam "Aachen"]
[BlackTeam "Gelsenkirchen Hassel"]
[WhiteTeamCountry "GER"]
[BlackTeamCountry "GER"]

1. c4 Nf6 2. Nc3 e5 3. Nf3 Nc6 4. g3 Bb4 5. Nd5 e4 6. Nh4 0-0 7. Bg2 Re8 8. 0-0 Bc5 9. d3 exd3 10. Qxd3 Ne5 11. Qc2 c6 12. Nc3 d6 13. b3 Bg4 14. h3 Bh5 15. a3 a5 16. Rb1 Qe7 17. Rd1 Rac8 18. b4 axb4 19. axb4 Ba7 20. Nf5 Qe6 21. Nxd6 Bg6 22. e4 Nxc4 23. Nxc8 Rxc8 24. Ra1 Bb8 25. Ra8 b5 26. Bf4 Bxf4 27. Rxc8+ Qxc8 28. gxf4 Qf8 29. Qa2 h6 30. e5 Nh5 31. Ne2 Qxb4 32. Qa8+ Kh7 33. Qxc6 Nb2 34. Qd6 Qa4 35. Rd2 Nxf4 36. Nxf4 Qxf4 37. e6 Qxd6 38. Rxd6 fxe6 39. Rxe6 Nc4 40. Rc6 Bd3 41. Bd5 g5 42. Kh2 Kg7 43. Kg3 Nd2 44. Rb6 Nb1 45. Bc6 Nc3 46. Kf3 Bf1 47. Kg4 Nd1 48. Bxb5 1/2-1/2

[Event "EU-Cup 21st"]
[Site "Saint Vincent"]
[Date "2005.09.23"]
[Round "6.6"]
[White "Petzold, Klaus"]
[Black "Hamalainen, Sami"]
[Result "1/2-1/2"]
[WhiteElo "2235"]
[BlackElo "2220"]
[PlyCount "116"]
[EventDate "2005.09.18"]
[EventType "team-swiss"]
[EventRounds "7"]
[EventCountry "ITA"]
[SourceTitle "CBM 110"]
[Source "ChessBase"]
[SourceDate "2006.01.31"]
[SourceVersion "1"]
[SourceVersionDate "2006.01.31"]
[SourceQuality "1"]
[WhiteTeam "Eupen Rochade"]
[BlackTeam "Jyvaskyla JyS"]
[WhiteTeamCountry "BEL"]
[BlackTeamCountry "FIN"]

1. Nf3 c5 2. c4 Nf6 3. Nc3 g6 4. g3 Bg7 5. Bg2 0-0 6. d4 cxd4 7. Nxd4 d6 8. 0-0 Qa5 9. Qd2 Nc6 10. Nxc6 bxc6 11. Nd5 Qd8 12. Nxf6+ Bxf6 13. Bxc6 Rb8 14. Rd1 Qc7 15. Bf3 Bf5 16. e4 Be6 17. Rb1 Qxc4 18. b3 Qa6 19. Bb2 Qxa2 20. Bxf6 Qxd2 21. Rxd2 exf6 22. Rxd6 Bxb3 23. Ra1 Rfc8 24. Rxf6 Be6 25. h4 Rc7 26. Rf4 Rb5 27. Be2 Re5 28. Bf1 Bc8 29. Ba6 Be6 30. Kg2 h6 31. Bf1 g5 32. hxg5 hxg5 33. Rf3 Rxe4 34. Rfa3 Bd5 35. Kg1 Ree7 36. Ra5 Rcd7 37. Bh3 Be6 38. Rxg5+ Kf8 39. Bxe6 Rxe6 40. Rga5 Ree7 41. Kg2 Kg7 42. Kf3 Rd3+ 43. Kg4 Re4+ 44. Kh3 Re2 45. f4 Rf2 46. Rg5+ Kf8 47. Ra4 Rc3 48. Kg4 Rg2 49. Kh3 Rf2 50. Rb4 Ra3 51. Rb8+ Ke7 52. Rb7+ Kf6 53. Kg4 Rg2 54. Kh3 Rf2 55. Rb4 Rxf4 56. Rxf4+ Kxg5 57. Rxf7 Ra2 58. Rc7 Ra5 1/2-1/2

[Event "EU-Cup 21st"]
[Site "Saint Vincent"]
[Date "2005.09.18"]
[Round "1.6"]
[White "Shariyazdanov, Andrey"]
[Black "Petzold, Klaus"]
[Result "1/2-1/2"]
[WhiteElo "2592"]
[BlackElo "2235"]
[PlyCount "90"]
[EventDate "2005.09.18"]
[EventType "team-swiss"]
[EventRounds "7"]
[EventCountry "ITA"]
[SourceTitle "CBM 110"]
[Source "ChessBase"]
[SourceDate "2006.01.31"]
[SourceVersion "1"]
[SourceVersionDate "2006.01.31"]
[SourceQuality "1"]
[WhiteTeam "Cheliabinsk"]
[BlackTeam "Eupen Rochade"]
[WhiteTeamCountry "RUS"]
[BlackTeamCountry "BEL"]

1. d4 d5 2. c4 c6 3. Nc3 Nf6 4. e3 g6 5. Nf3 Bg7 6. Be2 0-0 7. 0-0 Nbd7 8. b3 b6 9. a4 Bb7 10. Ba3 Re8 11. Rc1 Rc8 12. b4 e5 13. dxe5 Nxe5 14. Nxe5 Rxe5 15. Qb3 Qe7 16. cxd5 Nxd5 17. Nxd5 Rxd5 18. Bf3 Rd2 19. Rfd1 Rcd8 20. Rxd2 Rxd2 21. h3 Qd7 22. a5 Rd3 23. Qa2 Be5 24. Rb1 c5 25. Bb2 Bxb2 26. Bxb7 Qxb7 27. Qxb2 c4 28. axb6 axb6 29. Qe5 Qd7 30. Ra1 Rd1+ 31. Rxd1 Qxd1+ 32. Kh2 Qd3 33. Qb8+ Kg7 34. Qe5+ Kf8 35. Qb8+ Ke7 36. Qc7+ Ke6 37. Qc8+ Kf6 38. Qc6+ Kg7 39. Qxb6 c3 40. Qc5 Qd2 41. Qe5+ Kf8 42. Qb8+ Ke7 43. Qc7+ Ke6 44. Qc4+ Kf6 45. Qf4+ Ke7 1/2-1/2

[Event "Oberliga NRW 0405"]
[Site "Germany"]
[Date "2005.04.24"]
[Round "9.4"]
[White "Petzold, Klaus"]
[Black "Bischof, Detlef"]
[Result "1/2-1/2"]
[WhiteElo "2261"]
[BlackElo "2262"]
[PlyCount "22"]
[EventDate "2004.10.10"]
[EventType "team-tourn"]
[EventRounds "9"]
[EventCountry "GER"]
[SourceTitle "EXT 2006"]
[Source "ChessBase"]
[SourceDate "2005.11.24"]
[SourceVersion "1"]
[SourceVersionDate "2005.11.24"]
[SourceQuality "1"]
[WhiteTeam "Aachen"]
[BlackTeam "Dortmund Hansa"]
[WhiteTeamCountry "GER"]
[BlackTeamCountry "GER"]

1. c4 e6 2. Nc3 d5 3. cxd5 exd5 4. d4 c6 5. Nf3 Bf5 6. Bg5 Qb6 7. Qc1 Nd7 8. e3 Ngf6 9. Be2 Ne4 10. Bh4 Bd6 11. Bd3 Bb4 1/2-1/2

[Event "EU-Cup 20th"]
[Site "Izmir"]
[Date "2004.10.07"]
[Round "5.5"]
[White "Petzold, Klaus"]
[Black "Harholm, Jes"]
[Result "1/2-1/2"]
[WhiteElo "2261"]
[BlackElo "2213"]
[PlyCount "51"]
[EventDate "2004.10.03"]
[EventType "team-swiss"]
[EventRounds "7"]
[EventCountry "TUR"]
[SourceTitle "CBM 104"]
[Source "ChessBase"]
[SourceDate "2005.01.27"]
[SourceVersion "1"]
[SourceVersionDate "2005.01.27"]
[SourceQuality "1"]
[WhiteTeam "Eupen Rochade"]
[BlackTeam "Aarhus"]
[WhiteTeamCountry "BEL"]
[BlackTeamCountry "DEN"]

1. Nf3 d5 2. d4 Nc6 3. g3 Bf5 4. c4 e6 5. a3 Nf6 6. Bg2 Be7 7. 0-0 0-0 8. Qa4 Nd7 9. cxd5 exd5 10. Nc3 Nb6 11. Qb3 Bf6 12. Bf4 a6 13. Be5 Na5 14. Qa2 Be6 15. Rfd1 Nac4 16. Rac1 c6 17. Bf4 Be7 18. Ne1 g5 19. Bd2 Nxd2 20. Rxd2 Nc4 21. Rdd1 f5 22. Nd3 f4 23. a4 Qe8 24. b3 Nd6 25. Qd2 Kh8 26. Ne5 1/2-1/2